<?xml version="1.0" encoding="UTF-8"?>
<record
    xmlns:xsi="http://www.w3.org/2001/XMLSchema-instance"
    xsi:schemaLocation="http://www.loc.gov/MARC21/slim http://www.loc.gov/standards/marcxml/schema/MARC21slim.xsd"
    xmlns="http://www.loc.gov/MARC21/slim">

  <leader>02587cam a2200541 i 4500</leader>
  <controlfield tag="001">xx004886277</controlfield>
  <controlfield tag="003">NUKAT</controlfield>
  <controlfield tag="005">20260430133337.0</controlfield>
  <controlfield tag="008">200617s2020    pl           |001 0 pol c</controlfield>
  <datafield tag="020" ind1=" " ind2=" ">
    <subfield code="a">9788380988903</subfield>
    <subfield code="q">(oprawa twarda) :</subfield>
    <subfield code="c">z&#x142; 45,00</subfield>
  </datafield>
  <datafield tag="035" ind1=" " ind2=" ">
    <subfield code="a">(OCoLC)1164098302</subfield>
  </datafield>
  <datafield tag="035" ind1=" " ind2=" ">
    <subfield code="a">(NUKAT)xx004886277</subfield>
  </datafield>
  <datafield tag="040" ind1=" " ind2=" ">
    <subfield code="a">&#x141; U/ek</subfield>
    <subfield code="b">pol</subfield>
    <subfield code="e">rda</subfield>
    <subfield code="c">&#x141; U/ek</subfield>
    <subfield code="d">&#x141; U/ek</subfield>
    <subfield code="d">GD U/AEKs</subfield>
    <subfield code="d">KAT U/DLs</subfield>
    <subfield code="d">WA 14/PTs</subfield>
    <subfield code="d">KR 253/MH</subfield>
    <subfield code="d">&#x141; U/bb</subfield>
    <subfield code="d">OLSZT 008/bak</subfield>
  </datafield>
  <datafield tag="045" ind1="2" ind2=" ">
    <subfield code="b">d1950</subfield>
    <subfield code="b">d1990</subfield>
  </datafield>
  <datafield tag="046" ind1=" " ind2=" ">
    <subfield code="k">2020</subfield>
  </datafield>
  <datafield tag="099" ind1=" " ind2=" ">
    <subfield code="a">ja2020007501</subfield>
  </datafield>
  <datafield tag="245" ind1="0" ind2="0">
    <subfield code="a">Urz&#x105;d do spraw Wyzna&#x144; :</subfield>
    <subfield code="b">struktury, dzia&#x142;alno&#x15B;&#x107;, ludzie.</subfield>
    <subfield code="n">T. 1,</subfield>
    <subfield code="p">Struktury wojew&#xF3;dzkie i wybrane aspekty dzia&#x142;alno&#x15B;ci /</subfield>
    <subfield code="c">pod redakcj&#x105; Rafa&#x142;a &#x141;atki ; Instytut Pami&#x119;ci Narodowej - Komisja &#x15A;cigania Zbrodni przeciwko Narodowi Polskiemu.</subfield>
  </datafield>
  <datafield tag="260" ind1=" " ind2=" ">
    <subfield code="a">Warszawa :</subfield>
    <subfield code="b">Instytut Pami&#x119;ci Narodowej. Komisja &#x15A;cigania Zbrodni przeciwko Narodowi Polskiemu,</subfield>
    <subfield code="c">2020.</subfield>
  </datafield>
  <datafield tag="300" ind1=" " ind2=" ">
    <subfield code="a">520 stron ;</subfield>
    <subfield code="c">25 cm.</subfield>
  </datafield>
  <datafield tag="336" ind1=" " ind2=" ">
    <subfield code="a">Tekst</subfield>
    <subfield code="b">txt</subfield>
    <subfield code="2">rdacontent</subfield>
  </datafield>
  <datafield tag="337" ind1=" " ind2=" ">
    <subfield code="a">Bez urz&#x105;dzenia po&#x15B;rednicz&#x105;cego</subfield>
    <subfield code="b">n</subfield>
    <subfield code="2">rdamedia</subfield>
  </datafield>
  <datafield tag="338" ind1=" " ind2=" ">
    <subfield code="a">Wolumin</subfield>
    <subfield code="b">nc</subfield>
    <subfield code="2">rdacarrier</subfield>
  </datafield>
  <datafield tag="380" ind1=" " ind2=" ">
    <subfield code="a">Ksi&#x105;&#x17C;ki</subfield>
  </datafield>
  <datafield tag="380" ind1=" " ind2=" ">
    <subfield code="a">Publikacje naukowe</subfield>
  </datafield>
  <datafield tag="388" ind1="1" ind2=" ">
    <subfield code="a">2001-</subfield>
  </datafield>
  <datafield tag="490" ind1="1" ind2=" ">
    <subfield code="a">Centralny Projekt Badawczy IPN W&#x142;adze Komunistyczne Wobec Ko&#x15B;cio&#x142;&#xF3;w i Zwi&#x105;zk&#xF3;w Wyznaniowych w Polsce 1944-1989</subfield>
  </datafield>
  <datafield tag="490" ind1="1" ind2=" ">
    <subfield code="a">Urz&#x105;d ds. Wyzna&#x144;: Struktury, Dzia&#x142;alno&#x15B;&#x107;, Ludzie</subfield>
  </datafield>
  <datafield tag="500" ind1=" " ind2=" ">
    <subfield code="a">Na stronie przytytu&#x142;owej informacja: Publikacja powsta&#x142;a w ramach serii wydawniczej "Urz&#x105;d ds. Wyzna&#x144;: Struktury, Dzia&#x142;alno&#x15B;&#x107;, Ludzie" (red. naukowy serii dr Rafa&#x142; &#x141;atka).</subfield>
  </datafield>
  <datafield tag="504" ind1=" " ind2=" ">
    <subfield code="a">Bibliografia przy rozdzia&#x142;ach. Indeks.</subfield>
  </datafield>
  <datafield tag="610" ind1="2" ind2="7">
    <subfield code="a">Urz&#x105;d do Spraw Wyzna&#x144;</subfield>
    <subfield code="2">DBN</subfield>
    <subfield code="9">41043</subfield>
  </datafield>
  <datafield tag="610" ind1="1" ind2="7">
    <subfield code="a">Polska.</subfield>
    <subfield code="b">Urz&#x105;d do spraw Wyzna&#x144;</subfield>
    <subfield code="x">historia.</subfield>
    <subfield code="2">kaba</subfield>
    <subfield code="9">15928</subfield>
  </datafield>
  <datafield tag="648" ind1=" " ind2="7">
    <subfield code="a">1901-2000</subfield>
    <subfield code="2">DBN</subfield>
    <subfield code="9">34996</subfield>
  </datafield>
  <datafield tag="648" ind1=" " ind2="7">
    <subfield code="a">1945-1989</subfield>
    <subfield code="2">DBN</subfield>
    <subfield code="9">36043</subfield>
  </datafield>
  <datafield tag="648" ind1=" " ind2="7">
    <subfield code="a">1989-2000</subfield>
    <subfield code="2">DBN</subfield>
    <subfield code="9">36156</subfield>
  </datafield>
  <datafield tag="650" ind1=" " ind2="7">
    <subfield code="a">Inwigilacja</subfield>
    <subfield code="2">DBN</subfield>
    <subfield code="9">39780</subfield>
  </datafield>
  <datafield tag="650" ind1=" " ind2="7">
    <subfield code="a">Ko&#x15B;ci&#xF3;&#x142; a pa&#x144;stwo</subfield>
    <subfield code="2">DBN</subfield>
    <subfield code="9">35883</subfield>
  </datafield>
  <datafield tag="650" ind1=" " ind2="7">
    <subfield code="a">PRL</subfield>
    <subfield code="2">DBN</subfield>
    <subfield code="9">35084</subfield>
  </datafield>
  <datafield tag="650" ind1=" " ind2="7">
    <subfield code="a">Prze&#x15B;ladowania religijne</subfield>
    <subfield code="2">DBN</subfield>
    <subfield code="9">37420</subfield>
  </datafield>
  <datafield tag="651" ind1=" " ind2="7">
    <subfield code="a">Polska</subfield>
    <subfield code="2">DBN</subfield>
    <subfield code="9">35076</subfield>
  </datafield>
  <datafield tag="655" ind1=" " ind2="7">
    <subfield code="a">Praca zbiorowa</subfield>
    <subfield code="2">DBN</subfield>
    <subfield code="9">35107</subfield>
  </datafield>
  <datafield tag="658" ind1=" " ind2=" ">
    <subfield code="a">Historia</subfield>
  </datafield>
  <datafield tag="700" ind1="1" ind2=" ">
    <subfield code="a">&#x141;atka, Rafa&#x142;</subfield>
    <subfield code="d">(1985- ).</subfield>
    <subfield code="e">Redakcja</subfield>
    <subfield code="9">15865</subfield>
  </datafield>
  <datafield tag="710" ind1="2" ind2=" ">
    <subfield code="a">Instytut Pami&#x119;ci Narodowej - Komisja &#x15A;cigania Zbrodni przeciwko Narodowi Polskiemu.</subfield>
    <subfield code="e">Wydawca</subfield>
    <subfield code="4">pbl</subfield>
    <subfield code="9">11792</subfield>
  </datafield>
  <datafield tag="830" ind1=" " ind2="0">
    <subfield code="a">W&#x142;adze Komunistyczne wobec Ko&#x15B;cio&#x142;&#xF3;w i Zwi&#x105;zk&#xF3;w Wyznaniowych w Polsce 1944-1989</subfield>
    <subfield code="9">18363</subfield>
  </datafield>
  <datafield tag="830" ind1=" " ind2="0">
    <subfield code="a">Urz&#x105;d do Spraw Wyzna&#x144; - Struktury, Dzia&#x142;alno&#x15B;&#x107;, Ludzie</subfield>
    <subfield code="9">15866</subfield>
  </datafield>
  <datafield tag="920" ind1=" " ind2=" ">
    <subfield code="a">978-83-8098-890-3 (oprawa twarda) : z&#x142; 45,00</subfield>
  </datafield>
  <datafield tag="942" ind1=" " ind2=" ">
    <subfield code="2">ddc</subfield>
    <subfield code="c">BK_NM</subfield>
  </datafield>
  <datafield tag="999" ind1=" " ind2=" ">
    <subfield code="c">27905</subfield>
    <subfield code="d">27905</subfield>
  </datafield>
  <datafield tag="952" ind1=" " ind2=" ">
    <subfield code="0">0</subfield>
    <subfield code="1">0</subfield>
    <subfield code="2">ddc</subfield>
    <subfield code="4">0</subfield>
    <subfield code="7">0</subfield>
    <subfield code="8">K_mag</subfield>
    <subfield code="a">BIP</subfield>
    <subfield code="b">BIP</subfield>
    <subfield code="d">2020-11-30</subfield>
    <subfield code="e">D-36/2020</subfield>
    <subfield code="f">D</subfield>
    <subfield code="g">45.00</subfield>
    <subfield code="i">59994</subfield>
    <subfield code="l">0</subfield>
    <subfield code="o">59994</subfield>
    <subfield code="p">IPWK24098</subfield>
    <subfield code="r">2026-04-30 13:34:31</subfield>
    <subfield code="w">2026-04-30</subfield>
    <subfield code="y">BK_NM</subfield>
  </datafield>
</record>
